[Event "7th Gashimov Memorial-Rapid 2021"]
[Site "Baku"]
[Date "2021.12.21"]
[Round "6.2"]
[White "Mamedov, Rauf"]
[Black "Navara, David"]
[Result "1-0"]
[WhiteElo "2656"]
[BlackElo "2697"]
[Annotator "TA"]
[PlyCount "69"]
[EventDate "2021.12.17"]
[EventType "tourn"]
[EventCountry "AZE"]
[SourceTitle "playchess.com"]
[Source "ChessBase"]
[SourceQuality "1"]

{[%evp 18,69,25,8,2,0,10,0,162,39,41,42,64,1,44,17,50,13,13,20,14,0,0,0,47,60,
117,28,527,522,508,437,431,427,389,382,498,491,870,874,865,850,806,797,887,880,
772,779,2092,1993,29994,29995,29995,29996]} 1. e4 e5 2. Nf3 Nc6 3. Bc4 Bc5 4.
c3 Nf6 5. d3 d6 6. Nbd2 O-O 7. h3 a6 8. Bb3 Be6 9. O-O h6 10. Re1 Re8 {C54:
Giuoco Piano: 4 c3 Nf6, main lines with 5 d4 and 5 d3.} 11. Nf1 d5 12. Qe2 {[#]
} Nh5 $146 {[#]} (12... Qd7 $11) ({Predecessor:} 12... Qd7 13. N3h2 dxe4 14.
dxe4 Bxb3 15. axb3 a5 16. Qf3 Qe6 17. Ng3 Rad8 18. Nf5 Bf8 {1-0 (54) Mamedov,R
(2709)-Quesada Perez,Y (2627) Chess.com INT 2018}) 13. Ng5 $1 {[%mdl 512]} hxg5
$14 14. Qxh5 f6 (14... Qf6 $2 15. d4 g6 16. Bxg5 $1 $18 {[%mdl 512]}) 15. h4 (
15. d4 $14 Bb6 16. dxe5) 15... Bf7 (15... gxh4 $11 {is superior.} 16. d4 Bf7 $1
17. Bxd5 Qxd5 $1 18. Qxh4 Qd7 19. dxc5 Rad8) 16. Qg4 {[%cal Rh4g5]} (16. Qf3 $5
{[%cal Rh4g5]}) 16... Be6 17. Qg3 {[%cal Od3d4]} (17. Qf3 $5 {[%cal Re4d5]} g4
18. Qe2 $14) 17... gxh4 18. Qxh4 {[%cal Od3d4]} d4 19. Ng3 Bxb3 20. axb3 dxc3 (
20... Qd7 $11) 21. bxc3 {Hoping for Qg4.} Qxd3 {[#]} (21... Ne7 $14) 22. Qg4 $1
$16 {And now Bh6 would win.} Qxc3 $2 {[%mdl 8192] This move loses the game for
Black.} (22... Kf7 $1 $11 {and Black stays safe.}) 23. Bh6 $1 $18 {[%csl Gh6]
[%cal Rg4g7]} Bf8 24. Nh5 Kf7 (24... f5 $2 25. Qg6 Re6 26. Qxe6+) 25. Bxg7 Be7
26. Bh6 {[%cal Oh5f4] aiming for Nf4!} ({Not} 26. Qd7 Nd4 27. Qg4 Rg8 $19)
26... Rg8 {[#]} 27. Ng7 $1 Rxg7 (27... Bb4 $142 28. Rec1 Qb2 29. Qh5+ Ke7) 28.
Qxg7+ Ke6 29. Rac1 Qb4 30. Qg4+ Kf7 31. Qh5+ Ke6 32. Qf5+ Kd6 33. Be3 {[%cal
Oc1c6] Threatening mate with Rxc6+!} Qb5 34. Red1+ Nd4 35. Bxd4 {Weighted
Error Value: White=0.24 (precise) /Black=0.80} 1-0

[Event "7th Gashimov Memorial-Rapid 2021"]
[Site "Baku"]
[Date "2021.12.21"]
[Round "6.2"]
[White "Asadli, Vugar"]
[Black "Karjakin, Sergey"]
[Result "1/2-1/2"]
[WhiteElo "2579"]
[BlackElo "2743"]
[Annotator "TA"]
[PlyCount "59"]
[EventDate "2021.12.17"]
[EventType "tourn"]
[EventCountry "AZE"]
[SourceTitle "playchess.com"]
[Source "ChessBase"]
[SourceQuality "1"]

{[%evp 11,37,0,0,-21,0,0,0,0,0,0,-9,0,6,14,12,5,12,6,13,11,10,12,8,18,18,13,5,
9]} 1. e4 e5 2. Nf3 Nc6 3. Bc4 Bc5 4. c3 {[%cal Bc2c3,Bc3d4,Bd4d5][%mdl 32]}
Nf6 {[%cal Bg8f6,Bf6e4,Be4d2][%mdl 32]} 5. d4 exd4 6. cxd4 Bb4+ {The position
is equal.} 7. Nbd2 {C54: Giuoco Piano: 4 c3 Nf6, main lines with 5 d4 and 5 d3.
} Nxe4 (7... Bxd2+ $5 8. Bxd2 Nxe4 $11) 8. d5 $1 {8.d5 is better than 8.0-0.}
Ne7 9. O-O Nxd2 10. Nxd2 O-O {[%cal Ob7b5]} 11. a3 Ba5 12. d6 cxd6 13. Ne4 d5
14. Bxd5 {White wants to play Nd6.} Nxd5 15. Qxd5 {[#] Hoping for Bg5.} d6 16.
Bg5 {[%cal Bc1g5,Bg5d8,Bd8a5][%mdl 32]} Be6 17. Bxd8 Bxd5 {[#] This bishop
pair is nice.} 18. Nf6+ $1 gxf6 19. Bxa5 {[#] An interesting draw.  Weighted
Error Value: White=0.02 (flawless) /Black=0.03 (flawless)} {Predecessor:} Bc4
$146 20. Rfc1 Rac8 21. Bb4 Be6 22. Bxd6 Rxc1+ 23. Rxc1 Rc8 24. Rxc8+ Bxc8 25.
f3 f5 26. Be5 h5 27. Kf2 a5 28. Ke3 Kh7 29. Kd4 b5 30. Kc5 {½-½ (30)
Khorunzhy,M (2221)-Obolenskikh,D (2313) ICCF email 2012} 1/2-1/2

[Event "7th Gashimov Memorial-Rapid 2021"]
[Site "Baku"]
[Date "2021.12.21"]
[Round "7.1"]
[White "Rapport, Richard"]
[Black "Navara, David"]
[Result "1-0"]
[WhiteElo "2763"]
[BlackElo "2697"]
[Annotator "TA"]
[PlyCount "69"]
[EventDate "2021.12.17"]
[EventType "tourn"]
[EventCountry "AZE"]
[SourceTitle "playchess.com"]
[Source "ChessBase"]
[SourceQuality "1"]

{[%evp 21,69,0,0,0,-6,0,0,0,16,0,0,-10,-1,-42,7,9,0,0,55,60,58,58,59,57,70,73,
112,102,112,98,110,137,517,514,518,512,509,498,548,521,666,662,725,762,735,728,
670,637,560,537]} 1. e4 e5 2. Nf3 Nc6 3. g3 Nf6 4. d3 d5 5. exd5 Nxd5 6. Bg2
Bd6 7. O-O O-O 8. Nc3 Nxc3 9. bxc3 Bg4 10. h3 Bh5 11. Rb1 Rb8 12. g4 {C47:
Scotch Four Knights and Four Knights with 4 g3.} Bg6 13. Ng5 Be7 14. Ne4 {
The position is equal.} f5 15. gxf5 Bxf5 16. Be3 Qd7 17. Qh5 (17. Qf3 $11)
17... g6 {[#]} (17... Be6 $1 $15 {is superior.}) 18. Qf3 $5 $146 {[%mdl 8] New
and interesting.} ({Predecessor:} 18. Qh6 Nd8 19. Bd2 Ne6 20. Ng3 Nf4 21. Bxf4
exf4 22. Qxf4 Bxd3 23. Qd2 Bf5 24. Qe2 {½-½ (45) Safarli,E (2681)
-Mikhalevski,V (2581) Chess.com INT 2019}) 18... Be6 {[%csl LRa2,LRf3]} 19. Qg3
Bxa2 (19... Rf5 $1 $11) 20. Rb5 $1 $14 {Strongly threatening c4.} Be6 {[%cal
Oc6d4]} 21. Nc5 $1 Bxc5 22. Rxc5 Qd6 23. Rb1 $1 {[%cal Ob1b7] Hoping for Rxb7!}
Rfe8 {[#]} 24. h4 $1 Ne7 25. Qxe5 {And now Bf4 would win. White is more active.
} Nf5 26. Bf4 {A strong pair of Bishops.} ({Weaker is} 26. Bxb7 Qxe5 27. Rxe5
Nd6 $17) ({Don't take} 26. Rxb7 Rxb7 27. Bxb7 Bf7 28. Qxd6 cxd6) 26... Bf7 $2 {
[%mdl 8192] [#] This move loses the game for Black.} (26... Qd8 $16 {is
tougher.}) 27. Qxe8+ $3 $18 {[%mdl 512] White is clearly winning.} Rxe8 28.
Bxd6 cxd6 29. Ra5 Nxh4 30. Rxb7 Re1+ 31. Kh2 Re2 32. Raxa7 Rxf2 {[#]} 33. Rxf7
$1 {[%mdl 512]} Rxf7 34. Bd5 Nf3+ 35. Kg3 {Weighted Error Value: White=0.03 
(flawless) /Black=0.63} 1-0

[Event "7th Gashimov Memorial-Rapid 2021"]
[Site "Baku"]
[Date "2021.12.21"]
[Round "7.1"]
[White "Mamedov, Rauf"]
[Black "Karjakin, Sergey"]
[Result "1/2-1/2"]
[WhiteElo "2656"]
[BlackElo "2743"]
[Annotator "TA"]
[PlyCount "27"]
[EventDate "2021.12.17"]
[EventType "tourn"]
[EventCountry "AZE"]
[SourceTitle "playchess.com"]
[Source "ChessBase"]
[SourceQuality "1"]

{[%evp 20,27,-46,-40,-42,-38,-23,-34,0,-42]} 1. e4 e5 2. Nf3 Nc6 3. d4 exd4 4.
Bc4 Bc5 {[%cal Bf8c5,Bc5b4,Bb4c3,Bc3f6][%mdl 32]} 5. c3 Nf6 6. cxd4 Bb4+ 7. Nc3
Nxe4 8. O-O Bxc3 9. d5 Bf6 10. Re1 Ne7 11. Rxe4 {[#] d6 is the strong threat.}
d6 {C54: Giuoco Piano: 4 c3 Nf6, main lines with 5 d4 and 5 d3.} 12. Rf4 {
[%cal Of4f6] [#]} Ng6 $146 ({Predecessor:} 12... O-O 13. Rxf6 gxf6 14. Qd4 Ng6
15. Bh6 Re8 16. Bb5 Re5 17. Nxe5 fxe5 18. Qe3 Bd7 19. Bg5 Qe8 20. Bd3 f5 {
1-0 (52) Van Foreest,J (2688)-Aronian,L (2782) chess24.com INT 2021}) 13. Re4+
Ne7 14. Rf4 $1 {Black got outplayed after the opening.  Weighted Error Value:
White=0.00 (flawless) /Black=0.16 (very precise)} 1/2-1/2

[Event "7th Gashimov Memorial-Rapid 2021"]
[Site "Baku"]
[Date "2021.12.21"]
[Round "7.1"]
[White "Asadli, Vugar"]
[Black "Anand, Viswanathan"]
[Result "1-0"]
[WhiteElo "2579"]
[BlackElo "2751"]
[Annotator "TA"]
[PlyCount "105"]
[EventDate "2021.12.17"]
[EventType "tourn"]
[EventCountry "AZE"]
[SourceTitle "playchess.com"]
[Source "ChessBase"]
[SourceQuality "1"]

{[%evp 12,105,20,4,14,-32,0,0,10,6,1,0,0,-31,-32,-36,-23,-58,-58,-60,-56,-55,
-81,-75,-83,-89,-47,-120,-116,-111,-102,-122,-104,-125,-123,-133,-106,-151,-94,
-81,-76,-166,-159,-161,-56,-47,0,-108,-23,0,0,-184,-162,-242,-141,-93,-97,-100,
-162,-158,0,0,0,0,0,0,0,0,0,0,0,0,0,0,0,0,0,0,0,0,537,525,505,448,451,539,498,
443,435,394,866,769,29970,29961,4894,1793]} 1. e4 e6 2. d4 d5 3. e5 c5 4. c3
Nc6 5. Nf3 Qb6 6. a3 Nh6 7. Bd3 cxd4 {C02: French: Advance Variation.} 8. b4 $5
{[%mdl 4] 8.0-0 is a critical line. A promising side line.} (8. cxd4 $11 Bd7 9.
Bc2 (9. Bxh6 Qxb2 10. Bxg7 Bxg7 $17)) 8... Bd7 (8... dxc3 $15 9. Be3 (9. Bxh6
gxh6 10. Nxc3 Bg7 $17) 9... Qc7 10. Nxc3 Ng4) 9. O-O $11 Rc8 {The position is
equal.} 10. Bb2 dxc3 11. Nxc3 {[#]} Be7 $146 ({Predecessor:} 11... Nd4 12. Rc1
Nxf3+ 13. Qxf3 Be7 14. Ne2 O-O 15. Bd4 Qd8 16. Ng3 f5 17. exf6 Bxf6 18. Bxf6
Qxf6 {0-1 (66) Alekseenko,K (2926)-Lugovskoy,M (2643) Chess.com INT 2019}) 12.
Nb5 O-O {[%cal Oc6e5]} (12... Nxb4 13. Bd4 $1 Bxb5 14. Bxb6 Nxd3 15. Bxa7 $16)
13. Nbd4 (13. Nd6 Rcd8 14. Qe2 Nxe5 $1 15. Nxe5 (15. Qxe5 $2 f6 $19) 15... Bxd6
16. Nxd7 Rxd7 $17) 13... a5 14. b5 Nxd4 15. Bxd4 Bc5 16. a4 Bxd4 17. Nxd4 f6
18. Nf3 f5 (18... Nf7 $17 19. exf6 gxf6) 19. Rc1 (19. Qd2 $15) 19... Rxc1 $17
20. Qxc1 Rc8 $1 21. Qf4 Qc5 {Inhibits Rc1.} 22. h3 Qc3 23. Rd1 Nf7 24. g4 (24.
g3 $142) 24... fxg4 (24... Qb3 $142 $1 {[%cal Rb3d1]} 25. Be2 fxg4 26. Qxg4 Qa2
) 25. hxg4 {[%cal Od3h7]} Rf8 26. Qg3 (26. g5 $17) 26... Qb4 $19 (26... Qb3 27.
Bxh7+ Kh8 28. Rd4 $16) 27. Kg2 Nh6 (27... Qxa4 $19 28. Rh1 Nh6) 28. Nd4 $15 {
[%cal Og3h4]} Nf7 (28... g6 $15 {was preferrable.} 29. Bc2 Rc8) 29. Bc2 (29.
Nf3 $1 $11 {keeps the balance.}) 29... Ng5 (29... Rc8 $1 $17 {[%cal Rc8c2]
White must now prevent ...Rxc2!} 30. Rd3 Nh8) 30. f4 $11 Ne4 31. Qb3 ({But not
} 31. Bxe4 dxe4 32. Ne2 Be8 $15) (31. Qe3 $11) 31... Rxf4 $19 32. Qxb4 (32.
Bxe4 $142 Rxg4+ 33. Kf3 Qxb3+ 34. Nxb3 Rxe4 35. Nc5) 32... axb4 (32... Rxg4+
$19 33. Kf3 Rg3+ 34. Ke2 axb4 35. Bxe4 dxe4) 33. Bxe4 $17 Rxg4+ ({Of course not
} 33... dxe4 $6 34. Ne2 Rf7 35. Rb1 $11) 34. Kf3 Rxe4 {[%mdl 4096] Endgame
KRB-KRN} 35. a5 {[#]} h5 $2 (35... Rxe5 36. a6 bxa6 37. bxa6 $11) ({Better is} 
35... g5 $1 $17 {[%cal Ob4b3] Threatens to win with ...b3!} 36. a6 bxa6 37.
bxa6 Bc8) 36. b6 $1 $11 {[%cal Oa5a6,Bb5b6,Bb6b7][%mdl 32]} g5 $1 (36... Rxe5
$2 37. a6 bxa6 38. b7 $18) 37. a6 $1 bxa6 38. b7 Rf4+ 39. Ke3 Rf8 {And now ...
Rb8 would win.} 40. Rc1 $1 {Rc7 is the strong threat.} Rb8 41. Rc7 Be8 42. Nc6
Rxb7 43. Ne7+ Kf8 44. Rxb7 h4 {Hoping for ...h3.} 45. Nc8 h3 $2 {[%mdl 8192]} (
45... d4+ $11 {and Black is okay.} 46. Kxd4 Bc6) 46. Kf2 $18 ({Not} 46. Rh7 $2
b3 47. Rxh3 b2 48. Rh8+ (48. Rh1 $2 Bg6 $19) 48... Kg7 $19) 46... a5 47. Kg3 d4
48. Nd6 {aiming for Rb8.} Bc6 {[#]} 49. Rb8+ Kg7 50. Nc4 Bd5 $2 (50... d3 51.
Kxh3 Kf7) 51. Nxa5 b3 52. Nxb3 d3 53. Kxh3 {Quite a comeback for White. 
Weighted Error Value: White=0.21 (precise) /Black=0.50} 1-0

[Event "7th Gashimov Memorial-Rapid 2021"]
[Site "Baku"]
[Date "2021.12.21"]
[Round "7.2"]
[White "Mamedyarov, Shakhriyar"]
[Black "Caruana, Fabiano"]
[Result "1/2-1/2"]
[WhiteElo "2767"]
[BlackElo "2792"]
[Annotator "TA"]
[PlyCount "147"]
[EventDate "2021.12.17"]
[EventType "tourn"]
[EventCountry "AZE"]
[SourceTitle "playchess.com"]
[Source "ChessBase"]
[SourceQuality "1"]

{[%evp 34,147,79,75,90,77,81,63,78,76,114,123,110,105,118,104,100,45,39,47,45,
25,67,64,72,79,83,67,73,74,77,72,178,177,170,99,114,58,75,5,158,151,251,237,
209,48,123,132,226,0,229,-79,-79,-79,-79,-79,-79,-79,-85,-66,-56,-44,-70,-127,
-8,-194,-194,-191,-88,-275,0,-184,0,0,0,0,0,0,0,0,0,0,0,0,0,0,0,0,0,0,0,0,0,0,
0,0,0,0,8,0,0,0,0,0,0,0,0,0,0,0,0,0,0,0,0,-5]} 1. d4 Nf6 2. c4 g6 3. Nf3 Bg7 4.
g3 O-O 5. Bg2 d6 6. O-O Bf5 7. Nh4 Be4 8. Nf3 c6 9. Nc3 Bf5 10. Qb3 Qc7 11. Re1
e5 12. e4 Bd7 13. h3 Na6 14. Be3 Rfe8 15. Rad1 exd4 16. Nxd4 Nc5 17. Qc2 a5 18.
b3 h6 {E69: King's Indian: Fianchetto: 6...Nbd7 7 0-0 e5 8 e4 c6 9 h3.} 19. a3
{[%cal Ba2a3,Ba3b4,Bb4b5][%mdl 32]} Rad8 {[#]} 20. Bf4 $146 ({Predecessor:} 20.
b4 axb4 21. axb4 Ne6 22. Nxe6 Bxe6 23. Na4 Nd7 24. Bd4 Bxd4 25. Rxd4 c5 26.
bxc5 dxc5 27. Rdd1 Ne5 28. Nb2 Nc6 29. Nd3 {½-½ (39) Jorgensen,J (2196)
-Kolbak,J (2212) Randers 2015}) 20... g5 {White is slightly better.} 21. Be3
Re7 22. b4 axb4 23. axb4 Na6 24. b5 Nc5 25. Nb3 (25. f4 $1 $16) 25... Nxb3 $14
26. Qxb3 Be6 27. Qb4 Nd7 (27... Ree8 $1 $11 {is more appropriate.}) 28. f4 $1 {
And now f5 would win.} c5 29. Qb3 Nb6 {[%cal Bd7b6,Bb6c4,Bc4a3][%mdl 32]} 30.
Nd5 Bxd5 31. cxd5 gxf4 32. gxf4 c4 (32... Ree8 $16) 33. Qc2 $18 c3 34. Kh1 (34.
Rd3 $18) 34... Nc4 $16 {Prevents e5.} 35. Bd4 (35. Bf2 $16) 35... Na3 $1 $14 {
[%csl LRb5,LRc2]} 36. Qb3 (36. Qa4 $1 $16 {[%cal Ra4a3]} Bxd4 37. Rxd4) 36...
Bxd4 $2 (36... Qc4 $1 $11 37. Qxc4 Nxc4 38. Bxg7 Kxg7) 37. Rxd4 $16 Qc5 (37...
Ra8 $16) 38. Ra4 $1 $18 Nxb5 {Strongly threatening ...Nd4.} 39. Ra5 $2 (39. Rg1
$1 $18) 39... c2 40. Rc1 $16 Rc8 (40... Qd4 $16 {might work better.}) 41. Rxb5
$2 (41. Qxb5 $18 Qf2 42. Qf1 Qxf1+ 43. Bxf1) 41... Qf2 (41... Qd4 $1 $11 {
and Black stays safe.} 42. Qg3+ (42. Rxb7 Qd2 $15) 42... Kh8) 42. Rxb7 $2 {[#]}
(42. Qd3 $1 $18) 42... Qd2 $1 $36 {[%mdl 2048] Black is really pushing.} 43.
Rxc2 Rxc2 {[%csl Gc2][%cal Rd2g2]} 44. Rb8+ Kh7 $1 {[%csl Gc2][%cal Rd2g2]} (
44... Kg7 $2 45. Qg3+ Kf6 46. e5+ Rxe5 47. fxe5+ $18) 45. Qg3 {[%csl Gb8][%cal
Rg3g8]} Qc1+ 46. Kh2 {[%csl Gb8][%cal Rg3g8]} Rc8 {Prevents Qg8+.} 47. Rxc8
Qxc8 $15 {[%mdl 4096] Endgame KQR-KQB} 48. e5 ({White should play} 48. Qd3 $1
$15) 48... dxe5 (48... Qc2 $17 {Hoping for ...dxe5.} 49. Qf3 Ra7) 49. fxe5 $2 (
49. d6 $11 {and White has nothing to worry.} Ra7 50. Qd3+ Kg7 51. fxe5) 49...
Qf5 $1 $19 50. d6 {[#]} Re8 ({Not} 50... Rxe5 51. d7 Rd5 52. Bxd5 Qxd5 53. Qg4
$11 (53. Qc7 Qd2+ 54. Kg1 Qd4+ 55. Kg2 Qd5+ 56. Kf2 Qd2+ 57. Kg3 Qe3+ 58. Kh2
Qd2+ 59. Kg1 Qe1+ 60. Kg2 Qe2+ 61. Kh1 Qd1+ 62. Kh2 Qd2+ $11)) (50... Ra7 $1
$19 {has better winning chances.} 51. Qe3 Ra2) 51. Qe3 $2 (51. Qc3 $17 {
is a better defense.}) 51... Qg5 $2 (51... Rxe5 $19 52. Qd2 Qd7 53. Qd3+ Kg7)
52. Qd3+ {[#]} (52. Qxg5 $11 hxg5 53. Kg3) 52... Kg8 $2 (52... Kh8 $1 $19 53.
Qg3 (53. Qd4 Rg8 $17) 53... Qd2) 53. Qd4 $1 $11 {The position is equal.} Kf8 (
53... Qxe5+ $2 54. Qxe5 Rxe5 55. d7 $18) (53... Rxe5 $2 54. d7 Qd8 55. Qxe5 $18
) 54. d7 {White threatens Qb4+ and mate.} Rd8 55. h4 {Chess con chili.} Qf5 56.
Bh3 Qc2+ 57. Kg3 Qg6+ 58. Kh2 Kg8 59. Qc5 Qd3 60. Qe7 {Active counter play!}
Qd2+ 61. Kg3 Qe3+ 62. Kg2 Qe4+ 63. Kg3 Qd3+ 64. Kh2 Qd2+ 65. Kg3 Qc3+ 66. Kg2
Qc6+ 67. Kh2 Qc7 68. Bf5 Rb8 69. Bh7+ Kg7 70. Qf6+ $1 (70. Bf5 {gets mated.}
Rb2+ 71. Kh3 Qc3+ 72. Kg4 Rg2+ 73. Kf4 Qd4+ 74. Kf3 Rf2+ 75. Kg3 Qf4+ 76. Kh3
Rh2#) 70... Kf8 71. Qh8+ Ke7 {( -> ...Rb2+)} 72. Qf6+ Kxd7 73. Bf5+ Ke8 {
Threatens to win with ...Rb6.} 74. Qh8+ {Never resign too early!  Weighted
Error Value: White=0.53/Black=0.42} 1/2-1/2

[Event "7th Gashimov Memorial-Rapid 2021"]
[Site "Baku"]
[Date "2021.12.21"]
[Round "7.2"]
[White "Karjakin, Sergey"]
[Black "Mamedov, Rauf"]
[Result "1-0"]
[WhiteElo "2743"]
[BlackElo "2656"]
[Annotator "TA"]
[PlyCount "99"]
[EventDate "2021.12.17"]
[EventType "tourn"]
[EventCountry "AZE"]
[SourceTitle "playchess.com"]
[Source "ChessBase"]
[SourceQuality "1"]

{[%evp 20,99,31,27,37,20,33,40,25,14,33,34,27,0,6,0,17,24,17,20,22,22,10,19,12,
8,15,15,16,16,50,39,40,25,50,6,8,9,8,7,8,4,29,30,76,68,112,92,101,87,87,91,94,
0,0,0,0,0,63,30,126,119,143,-301,164,165,370,378,364,374,362,348,375,378,1092,
1071,29969,29971,29970,29972,29984,29983]} 1. e4 c5 2. Nf3 Nc6 3. d4 cxd4 4.
Nxd4 Nf6 5. Nc3 e5 6. Ndb5 d6 7. Nd5 Nxd5 8. exd5 Ne7 9. c4 Ng6 10. Qa4 Bd7 11.
Qb4 Qb8 {B33: Sicilian: Pelikan and Sveshnikov Variations.} 12. h4 h5 13. Be3 {
Strongly threatening Qa5.} a6 {White is slightly better.} 14. Nc3 Be7 15. Na4
Qc7 {[#]} 16. Bb6 $146 ({Predecessor:} 16. g3 Bg4 17. Nb6 Rd8 18. Bg2 O-O 19.
f3 Bc8 20. O-O-O Bf5 21. Qb3 Bf6 22. Rhg1 {½-½ (34) Vieites,C (2314)-Kural,A
(2397) ICCF email 2018}) 16... Qc8 17. Ba5 Bxa4 18. Qxa4+ b5 19. cxb5 O-O $1 {
Hoping for ...axb5.} 20. b6 Qc5 21. Rd1 {Black must now prevent Qa3.} Bd8 22.
Qb4 Qxb4+ 23. Bxb4 {This bishop pair is nice.} Bxb6 24. Bxd6 Rfd8 25. Ba3 Ba5+
26. b4 (26. Ke2 {looks sharper.} Rac8 27. Kf3 Bb6 28. Bd3 Rxd5 29. Bxg6 Rxd1
30. Rxd1 fxg6 31. Rd2) 26... Bc7 27. Bb2 (27. Bc1 $14) 27... Nf4 $11 28. a3 a5
$1 29. g3 Nxd5 30. b5 $36 {[%mdl 2048] Black is under pressure.} e4 31. Be2
Rab8 (31... Bb6 $11) 32. O-O $16 e3 (32... Bb6 $14) 33. f4 (33. Bxh5 $6 Rxb5
34. Bc1 (34. fxe3 $2 g6 $19) 34... exf2+ 35. Kxf2 Rc8 $11) 33... Bb6 34. Kg2 $1
Rbc8 35. Kf3 Rc2 36. Be5 (36. Bd4 $16 {aiming for Bxb6.} Re8 37. Bxg7 $1) 36...
Rd2 $1 $11 37. Rc1 Ne7 {To avoid Rc6} 38. a4 Nf5 ({Better is} 38... f6 $11 39.
Bc3 Nf5) 39. Rc6 $1 $14 f6 40. Bc3 $1 $16 (40. Rxb6 fxe5 41. Bc4+ Kh7 42. fxe5
Nd4+ 43. Kxe3 Nc2+ 44. Kf4 (44. Kf3 $2 Rf8+ 45. Rf6 gxf6 $19) 44... R2d4+ 45.
Kg5 Rxc4 $17) 40... Rc2 {[%cal Oc2c3]} 41. Bd1 $2 {[%mdl 8192] [#] Really
sharp!} (41. Bxf6 $2 gxf6 $1 42. Rxc2 Nd4+ 43. Kg2 Nxc2 $19) (41. Rd1 $1 $16 {
[%cal Rd1d8] is forced if you want to stay better. Rxd8+ is the strong threat.}
Rb8 42. Be1 (42. Be5 $2 Rxc6 43. Bxb8 Rc8 $19) 42... Rxc6 43. bxc6) 41... Rxc3
$4 {[%mdl 8192]} 42. Rxc3 $18 Nd4+ $2 {[#]} (42... Kf7 43. Bb3+ Kf8) 43. Kg2 $1
e2 {[#]} 44. Bxe2 {[%mdl 512]} Nxe2 45. Rc6 Ba7 46. b6 {[%cal Bb5b6,Bb6b7]
[%mdl 32]} Bb8 (46... Bxb6 47. Rxb6 Nc3) 47. b7 {And now Rc8 would win.} Nd4
48. Rc8 {White mates.} Rf8 49. Rd1 Ne6 50. f5 {Weighted Error Value: White=0.
18 (very precise) /Black=0.49} 1-0

[Event "7th Gashimov Memorial-Rapid 2021"]
[Site "Baku"]
[Date "2021.12.21"]
[Round "7.2"]
[White "Navara, David"]
[Black "Rapport, Richard"]
[Result "1/2-1/2"]
[WhiteElo "2697"]
[BlackElo "2763"]
[Annotator "TA"]
[PlyCount "70"]
[EventDate "2021.12.17"]
[EventType "tourn"]
[EventCountry "AZE"]
[SourceTitle "playchess.com"]
[Source "ChessBase"]
[SourceQuality "1"]

{[%evp 9,70,17,34,-15,-13,-32,-31,-35,-31,-38,-35,-33,-22,-29,0,0,0,0,4,0,33,
39,40,32,29,36,43,32,33,26,65,64,64,61,43,-2,-8,-251,0,-247,-248,-404,-381,
-377,-391,-383,-377,-378,-366,-354,-252,-258,-265,-252,-272,-252,-206,-236,0,
-172,0,-185,0]} 1. d4 e6 2. c4 f5 3. a3 Nf6 4. Nc3 Be7 5. Nf3 O-O 6. d5 {
A85: Dutch Defence: 2 c4 Nf6 3 Nc3.} (6. Qc2 $14) 6... Ne4 $11 7. Nxe4 fxe4 {
[#]} 8. Nd4 $146 {Black is slightly better.} ({Predecessor:} 8. Nd2 e3 9. fxe3
exd5 10. cxd5 Bc5 11. Nf3 d6 12. g3 Qe7 13. Qd2 Nd7 14. Bg2 Nf6 15. Nd4 Ng4 16.
Qc3 Bd7 17. b4 Bb6 {0-1 (17) Beck,G (1937)-Fournier,F (2098) ICCF email 2015})
8... exd5 9. cxd5 c6 {Strongly threatening ...Qa5+.} 10. Qb3 {aiming for dxc6+.
} Kh8 11. e3 Na6 12. Bxa6 {And now Bc4 would win.} Qa5+ 13. Bd2 Qxa6 14. Bc3 d6
15. dxc6 bxc6 16. Ne6 Bxe6 17. Qxe6 Bf6 18. Bxf6 Rxf6 19. Qxe4 Raf8 20. f3 ({
Reject} 20. O-O-O Rxf2 21. Qd3 Qxd3 22. Rxd3 h5 $11) 20... d5 21. Qe5 Rg6 22.
Kf2 (22. g3 $1 $14) 22... Qd3 $40 {[%mdl 128] Black is up to no good.} 23. Rhg1
$2 {[#]} (23. g3 $1 $11 {and White is okay.}) 23... Qd2+ $1 $19 ({Worse is} 
23... Qc2+ 24. Kf1 $15) 24. Kf1 Rgf6 {[%cal Of6f3] ( -> ...Rxf3+!)} 25. f4 (25.
Qg3 {was the only defense.}) 25... Rf5 26. Qd4 {[#]} Rxf4+ $1 {[%mdl 512]} 27.
Qxf4 Rxf4+ 28. exf4 Qxf4+ {[%mdl 4096] Endgame KQ-KRR} 29. Ke2 Qe4+ 30. Kd2
Qd4+ 31. Kc2 Qc5+ 32. Kd3 Qc4+ 33. Kd2 Qd4+ 34. Kc2 Qc5+ 35. Kd3 Qc4+ $2 {
Weighted Error Value: White=0.21 (precise) /Black=0.26 (precise)} (35... Qb5+
$19 36. Kc3 Qc4+ 37. Kd2 Qd4+) 1/2-1/2